000 01223nam a2200325Ia 4500
001 ebr10370295
003 CaPaEBR
006 m u
007 cr cn|||||||||
008 090911s2010 nyu s 001 0 eng d
010 _z 2009037753
020 _z9780814414941 (pbk.)
020 _z081441494X (pbk.)
040 _aCaPaEBR
_cCaPaEBR
035 _a(OCoLC)560339057
050 1 4 _aPE1450
_b.L36 2010eb
082 0 4 _a428.2
_222
100 1 _aLauchman, Richard.
245 1 0 _aPunctuation at work
_h[electronic resource] :
_bsimple principles for achieving clarity and good style /
_cRichard Lauchman.
260 _aNew York :
_bAMACOM,
_cc2010.
300 _a202 p.
500 _aIncludes index.
533 _aElectronic reproduction.
_bPalo Alto, Calif. :
_cebrary,
_d2010.
_nAvailable via World Wide Web.
_nAccess may be limited to ebrary affiliated libraries.
650 0 _aEnglish language
_xPunctuation.
650 0 _aEnglish language
_xGrammar.
655 7 _aElectronic books.
_2local
710 2 _aAmerican Management Association.
710 2 _aebrary, Inc.
856 4 0 _uhttp://site.ebrary.com/lib/rucke/Doc?id=10370295
_zAn electronic book accessible through the World Wide Web; click to view
999 _c109623
_d109623